Welcome to CU Library Online Public Access Catalogue (OPAC)

Due to rising energy costs, the light at the end of the tunnel has been turned off : (Record no. 4318)

MARC details
000 -LEADER
fixed length control field 00762cam a2200193 a 4500
001 - CONTROL NUMBER
control field 15088052
005 - DATE AND TIME OF LATEST TRANSACTION
control field 20250225130413.0
008 - FIXED-LENGTH DATA ELEMENTS--GENERAL INFORMATION
fixed length control field 071120s2008 miu b 000 0 eng
020 ## - INTERNATIONAL STANDARD BOOK NUMBER
International Standard Book Number 9780800731908 (pbk.)
050 00 - LIBRARY OF CONGRESS CALL NUMBER
Classification number BV4527
Item number .L546 2008
082 00 - DEWEY DECIMAL CLASSIFICATION NUMBER
Classification number 248.8/43
Edition information 22
100 1# - MAIN ENTRY--PERSONAL NAME
Personal name Linamen, Karen Scalf,
Dates associated with a name 1960-
245 10 - TITLE STATEMENT
Title Due to rising energy costs, the light at the end of the tunnel has been turned off :
Remainder of title how to have a happy, fabulous life even when your circumstances look dim /
Statement of responsibility, etc. Karen Scalf Linamen.
260 ## - PUBLICATION, DISTRIBUTION, ETC.
Place of publication, distribution, etc. Grand Rapids, MI :
Name of publisher, distributor, etc. Revell,
Date of publication, distribution, etc. 2008.
300 ## - PHYSICAL DESCRIPTION
Extent 197 p. ;
Dimensions 22 cm.
650 #0 - SUBJECT ADDED ENTRY--TOPICAL TERM
Topical term or geographic name entry element Christian women
General subdivision Conduct of life
Form subdivision Humor.
856 41 - ELECTRONIC LOCATION AND ACCESS
Materials specified Table of contents only
Uniform Resource Identifier <a href="http://www.loc.gov/catdir/toc/fy0803/2007047937.html">http://www.loc.gov/catdir/toc/fy0803/2007047937.html</a>
942 ## - ADDED ENTRY ELEMENTS (KOHA)
Source of classification or shelving scheme Library of Congress Classification
Koha item type Books
Suppress in OPAC No
999 ## -
-- 4318
-- 4318
Holdings
Withdrawn status Lost status Source of classification or shelving scheme Damaged status Not for loan Collection Home library Current library Shelving location Date acquired Total checkouts Full call number Barcode Date last seen Copy number Price effective from Koha item type
    Library of Congress Classification     Non-fiction Graduate Library (Christ Temple) Graduate Library (Christ Temple) General stacks 02/25/2025   BV 4527.L 546 LIN GSCT00000572 02/25/2025 1 02/25/2025 Books
    Library of Congress Classification     Non-fiction Graduate Library (Christ Temple) Graduate Library (Christ Temple) General stacks 02/25/2025   BV 4527.L 546 LIN GSCT00000573 02/25/2025 2 02/25/2025 Books
© 2023-2024 Copyright: Central University Libraries. All Rights Reserved | Created by: Mahone Tech Office